zpět

Detail výsledku týmu

Žumpa Pivnice, Ústí nad Labem

Datum a čas kvízu

30.5 Celkem bodů Celkový počet nahraných bodů na tomto kvízu bez doplňovacích otázek.
4. Pořadí na kvízu Konečné umístění týmu na tomto kvízu.

Zaznamenané odpovědi

# Otázka Odpověď Body Výsledky
1. Minulou středu schválila sněmo... Od roku 2027. 0
2. Blízko slovinského města Sevni... Melania Trumpová 1
3. Minulý týden jsme se dozvěděli... Nicholas Winton 1
4. Firma Sony minulý týden oznámi... Je bezdisková. 0
5. Jak se jmenuje vítěz mužské dv... Dominic Thiem 1
6. Po dějinách Ukrajiny, které js... Štěpán I. (Svatý) 0
7. Jak se nazývá město v jižním M... Moháč 0
8. V rámci Pařížské mírové konfer... Trianonská smlouva 0
9. Liberální pojetí socialismu sp... gulášový socialismus/komunismus 1
10. Napište šestipísmennou zkratku... Fidesz 0